[Event "ODJM A 2019"]
[Site "Willingen GER"]
[Date "2019.06.12"]
[Round "6"]
[White "Müller, Magnus"]
[Black "Gluma, Christian"]
[Result "1-0"]
[Termination "normal"]
[Board "35"]
[WhiteElo "1837"]
[BlackElo "1741"]
[PlyCount "111"]
[WhiteFideId "16230060"]
[BlackFideId "16223209"]
[EventCountry "GER"]
[EventRounds "9"]
[EventType "swiss"]
[EventDate "2019.06.08"]

1. c4 g6 2. Nc3 Bg7 3. d4 d6 4. e4 e5 5. Nge2 exd4 6. Nxd4 Ne7 7. Be3 Nbc6 8.
Be2 f5 9. exf5 Nxf5 10. Nxf5 Bxf5 11. Qb3 Na5 12. Qa4+ Nc6 13. O-O Bd7 14. Qb3
Na5 15. Qa3 Nc6 16. Rad1 b6 17. b4 a5 18. b5 Ne5 19. h3 O-O 20. f4 Nf7 21. Bf3
Re8 22. Rfe1 Rc8 23. Nd5 Nh6 24. g4 Qh4 25. Kg2 Be6 26. Qd3 Nf7 27. Bf2 Qd8 28.
Re3 Bxd5 29. Bxd5 Rxe3 30. Qxe3 Qe8 31. Qf3 Qe7 32. Re1 Qf6 33. Qe4 Rf8 34. g5
Qb2 35. Re2 Qc3 36. Qe7 Bd4 37. Qxc7 Bxf2 38. Rxf2 Qd4 39. Qxd6 Kg7 40. Qd7 Kh8
41. Qe7 Kg7 42. f5 gxf5 43. Rxf5 Qd2+ 44. Kg3 Qd3+ 45. Rf3 Qg6 46. Rxf7+ Rxf7
47. Qxf7+ Qxf7 48. Bxf7 Kxf7 49. c5 Ke6 50. c6 a4 51. a3 Kd6 52. h4 Kc7 53. h5
Kb8 54. g6 hxg6 55. h6 g5 56. h7 1-0

[Event "ODJM A 2019"]
[Site "Willingen GER"]
[Date "2019.06.12"]
[Round "6"]
[White "Zha, Kevin"]
[Black "Helmer, Jan"]
[Result "1-0"]
[Termination "normal"]
[Board "36"]
[WhiteElo "1764"]
[BlackElo "1900"]
[PlyCount "89"]
[WhiteFideId "16208951"]
[BlackFideId "12956686"]
[EventCountry "GER"]
[EventRounds "9"]
[EventType "swiss"]
[EventDate "2019.06.08"]

1. e4 c5 2. Nf3 Nc6 3. d4 cxd4 4. Nxd4 e5 5. Nb5 d6 6. N1c3 a6 7. Na3 Be7 8.
Be3 b5 9. Nab1 Nf6 10. Nd2 Ng4 11. Qf3 Nxe3 12. Qxe3 O-O 13. Bd3 f5 14. Nf3 f4
15. Qd2 Be6 16. O-O-O Qa5 17. Kb1 Qb6 18. Rdg1 Qb7 19. h4 b4 20. Nd5 Kh8 21. g3
fxg3 22. Rxg3 Bf6 23. Rhg1 Bxd5 24. exd5 Ne7 25. Ng5 Bxg5 26. Qxg5 g6 27. h5
Kg7 28. hxg6 h6 29. Qh4 Ng8 30. Rg4 a5 31. Rh1 Rac8 32. Be4 Qe7 33. Qh3 Qd7 34.
f3 a4 35. Qh2 Qe7 36. Rh4 Qg5 37. Qh3 Rc7 38. Rh5 Qd2 39. Qe6 Rd8 40. Rf5 Rdd7
41. Rf7+ Rxf7 42. gxf7 Rxf7 43. Rg1+ Kf8 44. Qc8+ Ke7 45. Qc7+ 1-0

[Event "ODJM A 2019"]
[Site "Willingen GER"]
[Date "2019.06.12"]
[Round "6"]
[White "Schrepp, Florian"]
[Black "Kreutz, Jonas"]
[Result "0-1"]
[Termination "normal"]
[Board "37"]
[WhiteElo "1922"]
[BlackElo "1970"]
[PlyCount "64"]
[WhiteFideId "16239709"]
[BlackFideId "12970697"]
[EventCountry "GER"]
[EventRounds "9"]
[EventType "swiss"]
[EventDate "2019.06.08"]

1. e4 e6 2. d3 d5 3. Nd2 c5 4. g3 Nc6 5. Ngf3 Nf6 6. Bg2 Be7 7. O-O O-O 8. e5
Nd7 9. Re1 f6 10. exf6 Bxf6 11. Nf1 Nde5 12. Nxe5 Bxe5 13. f4 Bf6 14. Ne3 g6
15. Ng4 Bg7 16. c3 d4 17. c4 Bd7 18. Ne5 Nxe5 19. fxe5 Qc7 20. Bf4 Bc6 21. Qd2
Bxg2 22. Kxg2 Rf7 23. Re2 Raf8 24. h4 Rf5 25. Rae1 Qc6+ 26. Kh3 Rxf4 27. gxf4
Qf3+ 28. Kh2 Rxf4 29. Rg2 Bh6 30. Qd1 Rxh4+ 31. Kg1 Be3+ 32. Rxe3 Qxd1+ 0-1

[Event "ODJM A 2019"]
[Site "Willingen GER"]
[Date "2019.06.12"]
[Round "6"]
[White "Dornieden, Jonas"]
[Black "Martin, Richard"]
[Result "1/2-1/2"]
[Termination "normal"]
[Board "38"]
[WhiteElo "1864"]
[BlackElo "1951"]
[PlyCount "54"]
[WhiteFideId "1336460"]
[BlackFideId "12925691"]
[EventCountry "GER"]
[EventRounds "9"]
[EventType "swiss"]
[EventDate "2019.06.08"]

1. d4 Nf6 2. c4 e6 3. Nf3 d5 4. Nc3 c6 5. e3 Nbd7 6. Bd3 dxc4 7. Bxc4 b5 8. Bd3
Bb7 9. a3 a6 10. O-O c5 11. dxc5 Bxf3 12. gxf3 Nxc5 13. Be2 Qc7 14. b4 Rd8 15.
Qe1 Nb3 16. Rb1 Nxc1 17. Rxc1 Qe5 18. f4 Qf5 19. Bf3 Bd6 20. Ne2 g5 21. Ng3 Qg6
22. fxg5 Qxg5 23. Kh1 h5 24. Rg1 Qh4 25. Bc6+ Ke7 26. f4 Kf8 27. Ne4 Qxe1
1/2-1/2

[Event "ODJM A 2019"]
[Site "Willingen GER"]
[Date "2019.06.12"]
[Round "6"]
[White "Noever, Niklas"]
[Black "Weimert, Miriam"]
[Result "1/2-1/2"]
[Termination "normal"]
[Board "39"]
[WhiteElo "1762"]
[BlackElo "1903"]
[PlyCount "59"]
[WhiteFideId "12988642"]
[BlackFideId "12966703"]
[EventCountry "GER"]
[EventRounds "9"]
[EventType "swiss"]
[EventDate "2019.06.08"]

1. d4 Nf6 2. Nf3 d5 3. Bf4 c6 4. c4 a6 5. e3 Bg4 6. Nbd2 e6 7. h3 Bh5 8. c5
Nbd7 9. Bd3 Be7 10. O-O O-O 11. Qc2 Bg6 12. Bh2 Re8 13. b4 Bf8 14. a4 b5 15.
axb5 axb5 16. Bxg6 hxg6 17. Ra2 Qc8 18. Rfa1 Qb7 19. Ra5 Rxa5 20. Rxa5 Ra8 21.
Qa2 Rxa5 22. Qxa5 Be7 23. Ne5 Nxe5 24. Bxe5 Bf8 25. Nb3 Ne4 26. Qb6 Qe7 27. f3
Nc3 28. Kh2 Qg5 29. Bf4 Qf5 30. Nd2 1/2-1/2

[Event "ODJM A 2019"]
[Site "Willingen GER"]
[Date "2019.06.12"]
[Round "6"]
[White "Pahl, Theis"]
[Black "Yaroshenko, Yaroslav"]
[Result "1/2-1/2"]
[Termination "normal"]
[Board "40"]
[WhiteElo "2029"]
[BlackElo "1761"]
[PlyCount "97"]
[WhiteFideId "16201264"]
[BlackFideId "16204905"]
[EventCountry "GER"]
[EventRounds "9"]
[EventType "swiss"]
[EventDate "2019.06.08"]

1. e4 g6 2. d4 Bg7 3. Nc3 d6 4. f4 c6 5. Nf3 Bg4 6. Be3 Nf6 7. Be2 O-O 8. O-O
Bxf3 9. Bxf3 d5 10. e5 Ne8 11. Qd2 e6 12. Ne2 Nd7 13. Nc1 Nc7 14. Nd3 Rc8 15.
Qf2 Re8 16. h4 Bf8 17. h5 Na6 18. hxg6 fxg6 19. c3 c5 20. dxc5 Naxc5 21. Nxc5
Bxc5 22. g3 Qb6 23. Bxc5 Qxc5 24. Rad1 b5 25. Kg2 Qxf2+ 26. Rxf2 a5 27. Be2 b4
28. Bb5 Red8 29. c4 Nc5 30. Rfd2 Ne4 31. Rd4 Kf8 32. Kf3 Rc5 33. Ba4 Ke7 34.
Bc2 Rdc8 35. cxd5 Rxc2 36. Kxe4 Re2+ 37. Kf3 Rxb2 38. dxe6 Rc3+ 39. Kg4 h5+ 40.
Kh3 Rcc2 41. Kh4 Kxe6 42. Kg5 Rc6 43. R1d2 Rxd2 44. Rxd2 Ke7 45. Kh6 a4 46. Rb2
Rb6 47. Rg2 b3 48. axb3 axb3 49. Rb2 1/2-1/2

[Event "ODJM A 2019"]
[Site "Willingen GER"]
[Date "2019.06.12"]
[Round "6"]
[White "Reucker, Friedrich"]
[Black "Struck, Lasse"]
[Result "1-0"]
[Termination "normal"]
[Board "41"]
[WhiteElo "1939"]
[BlackElo "1770"]
[PlyCount "81"]
[WhiteFideId "12993670"]
[BlackFideId "16255623"]
[EventCountry "GER"]
[EventRounds "9"]
[EventType "swiss"]
[EventDate "2019.06.08"]

1. d4 Nf6 2. c4 e6 3. Nc3 Bb4 4. Qc2 O-O 5. Bg5 c5 6. dxc5 Qa5 7. Bd2 Na6 8. a3
Nxc5 9. Rc1 Bxc3 10. Bxc3 Qd8 11. Bxf6 Qxf6 12. b4 Na6 13. e3 b6 14. Bd3 h6 15.
Bh7+ Kh8 16. Be4 d5 17. cxd5 exd5 18. Bxd5 Bf5 19. Qb3 Rad8 20. Nf3 Rd7 21. O-O
Rfd8 22. Bc4 Nc7 23. Qc3 Qxc3 24. Rxc3 Nd5 25. Bxd5 Rxd5 26. Nd4 Bc8 27. Rc7
R5d7 28. Rfc1 Bb7 29. f3 Kg8 30. Kf2 Kf8 31. R1c2 a6 32. a4 g6 33. Ke2 Ke8 34.
g4 Bd5 35. Rxd7 Kxd7 36. e4 Bb7 37. Ke3 Re8 38. h4 f6 39. h5 g5 40. Nf5 Rh8 41.
Rd2+ 1-0

[Event "ODJM A 2019"]
[Site "Willingen GER"]
[Date "2019.06.12"]
[Round "6"]
[White "Brockmeyer, Tobias"]
[Black "Baumann, Marcel"]
[Result "1/2-1/2"]
[Termination "normal"]
[Board "42"]
[WhiteElo "1896"]
[BlackElo "1866"]
[PlyCount "79"]
[WhiteFideId "12982385"]
[BlackFideId "12974668"]
[EventCountry "GER"]
[EventRounds "9"]
[EventType "swiss"]
[EventDate "2019.06.08"]

1. d4 Nf6 2. c4 g6 3. f3 Bg7 4. e4 O-O 5. Nc3 d6 6. Bg5 Nbd7 7. Nh3 c5 8. d5 a6
9. Qd2 Re8 10. Be2 Qc7 11. O-O Nf8 12. Nf2 Rb8 13. Kh1 Bd7 14. a4 b5 15. axb5
axb5 16. cxb5 c4 17. Be3 Bxb5 18. Ra7 Qc8 19. Rc1 N6d7 20. b4 Ba6 21. Ra1 Bb7
22. f4 e6 23. Bd4 e5 24. fxe5 Nxe5 25. Bd1 Qd8 26. Ba4 Re7 27. Qe3 Bc8 28. b5
Rxa7 29. Bxa7 Rb7 30. Bd4 Nfd7 31. Rb1 Nb6 32. Bc2 Ned7 33. Bxg7 Kxg7 34. Qd4+
Qf6 35. Qxf6+ Kxf6 36. Ng4+ Kg7 37. Ne3 Ne5 38. Kg1 Ra7 39. Kf2 Ra3 40. Ne2
1/2-1/2

[Event "ODJM A 2019"]
[Site "Willingen GER"]
[Date "2019.06.12"]
[Round "6"]
[White "Flach, Helene"]
[Black "Kesselmeier, Kevin"]
[Result "0-1"]
[Termination "normal"]
[Board "43"]
[WhiteElo "1829"]
[BlackElo "1937"]
[PlyCount "78"]
[WhiteFideId "12929735"]
[BlackFideId "16217551"]
[EventCountry "GER"]
[EventRounds "9"]
[EventType "swiss"]
[EventDate "2019.06.08"]

1. e4 c5 2. Nf3 d6 3. c3 Nf6 4. Bd3 Nc6 5. Bc2 Bg4 6. d3 g6 7. Nbd2 Bg7 8. h3
Bd7 9. Nf1 O-O 10. Ng3 b5 11. O-O b4 12. Be3 Qa5 13. Ne2 Rfc8 14. Nd2 Rab8 15.
Nc4 Qc7 16. Nf4 Na5 17. Nxa5 Qxa5 18. cxb4 Qxb4 19. Bb3 Bc6 20. Bd2 Qb7 21. Bc3
c4 22. Bxc4 Bxe4 23. dxe4 Rxc4 24. f3 Qb6+ 25. Kh1 Qe3 26. Ne2 Nh5 27. Bxg7
Kxg7 28. b3 Rc5 29. Re1 Rbc8 30. Rc1 Ng3+ 31. Kh2 Nxe2 32. Rxc5 Qf4+ 33. Kh1
Ng3+ 34. Kg1 Rxc5 35. b4 Rc1 36. Qd4+ Qf6 37. Qf2 Rxe1+ 38. Qxe1 Qd4+ 39. Kh2
Nh5 0-1

[Event "ODJM A 2019"]
[Site "Willingen GER"]
[Date "2019.06.12"]
[Round "6"]
[White "Weigand, Anton"]
[Black "Leser, Stefan"]
[Result "0-1"]
[Termination "normal"]
[Board "44"]
[WhiteElo "1889"]
[BlackElo "1779"]
[PlyCount "54"]
[WhiteFideId "16221915"]
[BlackFideId "12997706"]
[EventCountry "GER"]
[EventRounds "9"]
[EventType "swiss"]
[EventDate "2019.06.08"]

1. e4 e6 2. d4 d5 3. exd5 exd5 4. Nf3 Bd6 5. Bd3 Ne7 6. O-O Nbc6 7. c3 Bg4 8.
Re1 Qd7 9. Bg5 f6 10. Bh4 O-O-O 11. Nbd2 Nf5 12. Qc2 Nce7 13. Bg3 Nxg3 14. fxg3
Rde8 15. b4 Kb8 16. Nb3 h5 17. Nc5 Qc8 18. a4 Bxf3 19. gxf3 g6 20. Re6 Bxc5 21.
Rxf6 Bd6 22. Bxg6 Nxg6 23. Qxg6 h4 24. g4 Re2 25. h3 Rg8 26. Qh6 Bg3 27. f4 Qe8
0-1

[Event "ODJM A 2019"]
[Site "Willingen GER"]
[Date "2019.06.12"]
[Round "6"]
[White "Uhlendorff, Luca"]
[Black "Hagenbeck-Hübert, Lara"]
[Result "1-0"]
[Termination "normal"]
[Board "45"]
[WhiteElo "1735"]
[BlackElo "1861"]
[PlyCount "109"]
[WhiteFideId "16221923"]
[BlackFideId "12964484"]
[EventCountry "GER"]
[EventRounds "9"]
[EventType "swiss"]
[EventDate "2019.06.08"]

1. d4 d5 2. Bf4 Nf6 3. e3 e6 4. Nf3 c5 5. c3 Nc6 6. Nbd2 Be7 7. Ne5 O-O 8. Bd3
Bd7 9. h4 c4 10. Bc2 b5 11. g4 Ne8 12. g5 f5 13. gxf6 Bxf6 14. Qh5 g6 15. Nxg6
Ng7 16. Qh6 Nf5 17. Qxf8+ Qxf8 18. Nxf8 Kxf8 19. Bxf5 exf5 20. a3 Ne7 21. Bd6
Kf7 22. Bxe7 Kxe7 23. f4 Rg8 24. Kf2 Be8 25. h5 Kd6 26. Rag1 Rh8 27. Nf3 a5 28.
Ne5 a4 29. Rh2 Ke6 30. Rhg2 Bf7 31. Nxf7 Kxf7 32. h6 Bh4+ 33. Ke2 Bf6 34. Kf3
Rd8 35. Rg7+ Bxg7 36. Rxg7+ Kf6 37. Rxh7 Kg6 38. Rb7 Kxh6 39. Rxb5 Kg6 40. Rb4
Ra8 41. Rb6+ Kf7 42. Kg3 Rg8+ 43. Kf2 Ra8 44. Kf3 Ke7 45. Kf2 Rh8 46. Kg3 Rg8+
47. Kh4 Rg2 48. Rb4 Kf6 49. Rxa4 Rxb2 50. Ra6+ Ke7 51. Kg5 Rb3 52. Kxf5 Rxc3
53. Ke5 Rxe3+ 54. Kxd5 c3 55. Rc6 1-0

[Event "ODJM A 2019"]
[Site "Willingen GER"]
[Date "2019.06.12"]
[Round "6"]
[White "Kemper, Yannick"]
[Black "Isler, Benjamin"]
[Result "0-1"]
[Termination "normal"]
[Board "46"]
[WhiteElo "1856"]
[BlackElo "1946"]
[PlyCount "63"]
[WhiteFideId "12977470"]
[BlackFideId "12975478"]
[EventCountry "GER"]
[EventRounds "9"]
[EventType "swiss"]
[EventDate "2019.06.08"]

1. e4 d5 2. exd5 Nf6 3. d4 Bg4 4. f3 Bf5 5. g4 Bd7 6. c4 e6 7. Nc3 Bb4 8. Bd2
O-O 9. Bd3 Nxg4 10. fxg4 Qh4+ 11. Kf1 exd5 12. Qe1 Qxg4 13. Qg3 Qxd4 14. Nge2
Qf6+ 15. Ke1 dxc4 16. Bxc4 Bd6 17. Qg5 Qxg5 18. Bxg5 Nc6 19. Rd1 Bg4 20. h3 Bf3
21. Rf1 Bg2 22. Rf2 Bxh3 23. Nb5 Bb4+ 24. Bd2 Bc5 25. Rh2 Bg4 26. Rc1 Ne5 27.
Rg2 Rad8 28. Bc3 Nf3+ 29. Kf1 Bh3 30. Bxg7 Nh2+ 31. Ke1 Bxg2 32. Bxf8 0-1